| Tag |
First Indicator |
Second Indicator |
Subfields |
| LEADER |
00000cam a2200000 a 4500 |
| 001 |
in00001152607 |
| 005 |
20151001061838.0 |
| 008 |
920102s1988 vauab br 000 0 eng |
| 010 |
|
|
|a 92100079
|
| 020 |
|
|
|a 0930919645
|
| 035 |
|
|
|a (OCoLC)19010447
|
| 035 |
|
|
|9 AGD4264AM
|
| 040 |
|
|
|a DLC
|c DLC
|d TXA
|d UtOrBLW
|
| 043 |
|
|
|a n-us---
|a n-us-va
|a n-usu--
|
| 049 |
|
|
|a TXAM
|
| 050 |
0 |
0 |
|a E581.5 61st
|b .T73 1988
|
| 082 |
0 |
0 |
|a 973.7/455
|2 20
|
| 100 |
1 |
|
|a Trask, Benjamin H.
|
| 245 |
1 |
0 |
|a 61st Virginia Infantry /
|c Benjamin H. Trask.
|
| 250 |
|
|
|a 1st ed.
|
| 264 |
|
1 |
|a Lynchburg, Va. :
|b H.E. Howard,
|c [1988]
|
| 264 |
|
4 |
|c ©1988
|
| 300 |
|
|
|a 120 pages :
|b illustrations, maps ;
|c 24 cm.
|
| 336 |
|
|
|a text
|b txt
|2 rdacontent
|
| 337 |
|
|
|a unmediated
|b n
|2 rdamedia
|
| 338 |
|
|
|a volume
|b nc
|2 rdacarrier
|
| 490 |
1 |
|
|a The Virginia regimental histories series
|
| 504 |
|
|
|a Includes bibliographical references (pages 117-120).
|
| 610 |
1 |
0 |
|a Confederate States of America.
|b Army.
|b Virginia Infantry Regiment, 61st.
|
| 651 |
|
0 |
|a Virginia
|x History
|y Civil War, 1861-1865
|x Regimental histories.
|
| 651 |
|
0 |
|a United States
|x History
|y Civil War, 1861-1865
|x Regimental histories.
|
| 651 |
|
0 |
|a Virginia
|x History
|y Civil War, 1861-1865
|x Registers.
|
| 651 |
|
0 |
|a United States
|x History
|y Civil War, 1861-1865
|v Registers.
|
| 740 |
0 |
|
|a Sixty-first Virginia Infantry.
|
| 830 |
|
0 |
|a Virginia regimental histories series.
|
| 999 |
|
|
|a MARS
|
| 999 |
f |
f |
|s c4ccdf44-2a7f-3e84-8066-342763f5354a
|i cee7d9bd-1f4e-3c2f-a8d6-25b50d5bf7c9
|t 0
|
| 952 |
f |
f |
|p ric
|a Texas A&M University
|b Rellis Campus
|c Joint Library Facility
|d Remote Storage
|t 0
|e E581.5 61st .T73 1988
|h Library of Congress classification
|i unmediated -- volume
|m A14817746614
|
| 998 |
f |
f |
|a E581.5 61st .T73 1988
|t 0
|l Remote Storage
|